Об изменении антропии при самопроизвольных процессах; Труды пятого Менделеевского съезда по чистой и прикладной химии, посвященного столетию со дня рождения А. М. Бутлерова

التفاصيل البيبلوغرافية
Parent link:Труды пятого Менделеевского съезда по чистой и прикладной химии, посвященного столетию со дня рождения А. М. Бутлерова.— 1928.— С. 4-5
المؤلف الرئيسي: Танцов Н. В.
اللغة:الروسية
منشور في: 1928
الموضوعات:
التنسيق: MixedMaterials فصل الكتاب
KOHA link:https://koha.lib.tpu.ru/cgi-bin/koha/opac-detail.pl?biblionumber=591447

MARC

LEADER 00000naa0a2200000 4500
001 591447
005 20250826112600.0
035 |a (RuTPU)RU\TPU\tpu\1762 
035 |a TPU00001762 
090 |a 591447 
100 |a 20011210d1928 k||y0rusy50 ca 
101 0 |a rus 
102 |a RU 
200 1 |a Об изменении антропии при самопроизвольных процессах  |f Н. В. Танцов 
463 1 |t Труды пятого Менделеевского съезда по чистой и прикладной химии, посвященного столетию со дня рождения А. М. Бутлерова  |v С. 4-5  |d 1928 
610 1 |a химические науки 
610 1 |a труды учёных ТПУ 
700 1 |a Танцов  |b Н. В. 
801 0 |a RU  |b 63413507  |c 20011210  |g PSBO 
801 2 |a RU  |b 63413507  |c 20060216  |g PSBO 
942 |c BK